[Event "Izmir op 15th"]
[Site "Izmir"]
[Date "2016.09.10"]
[Round "8"]
[White "Zor, Alber Kadir"]
[Black "Akcan, Umit"]
[Result "1-0"]
[WhiteElo "2104"]
[BlackElo "1962"]
[PlyCount "65"]
[EventDate "2016.09.05"]
[EventType "swiss"]
[EventRounds "9"]
[EventCountry "TUR"]
[SourceTitle "CBM 174 Extra"]
[Source "ChessBase"]
[SourceDate "2016.10.10"]
[SourceVersion "1"]
[SourceVersionDate "2016.10.10"]
[SourceQuality "1"]

1. d4 d5 2. Bf4 Nf6 3. e3 e6 4. Nd2 c5 5. c3 Nc6 6. Ngf3 Bd6 7. Bxd6 Qxd6 8. Bb5 0-0 9. 0-0 Bd7 10. a4 a6 11. Be2 e5 12. Nc4 dxc4 13. dxe5 Qxd1 14. Rfxd1 Be6 15. exf6 gxf6 16. Nd2 Na5 17. Ne4 Nb3 18. Rab1 Bf5 19. Nxf6+ Kg7 20. e4 Kxf6 21. exf5 Rad8 22. Rxd8 Rxd8 23. Rd1 Rxd1+ 24. Bxd1 Nc1 25. a5 Kxf5 26. Kf1 Ke4 27. Bc2+ Ke5 28. Bxh7 f5 29. h4 Nb3 30. h5 Nxa5 31. h6 b5 32. Bxf5 Kf6 33. g4 1-0

[Event "TUR-chT"]
[Site "Kocaeli"]
[Date "2014.08.28"]
[Round "12.3"]
[White "Akcan, Umit"]
[Black "Demiral, Abdulkadir"]
[Result "1-0"]
[WhiteElo "2045"]
[BlackElo "1699"]
[PlyCount "103"]
[EventDate "2014.08.18"]
[EventType "team-tourn"]
[EventRounds "13"]
[EventCountry "TUR"]
[SourceTitle "CBM 162 Extra"]
[Source "ChessBase"]
[SourceDate "2014.10.17"]
[SourceVersion "1"]
[SourceVersionDate "2014.10.17"]
[SourceQuality "1"]
[WhiteTeam "TS Alyans"]
[BlackTeam "Aliaga Genclik"]
[WhiteTeamCountry "TUR"]
[BlackTeamCountry "TUR"]

1. e4 e6 2. d4 d5 3. Nd2 Nc6 4. Ngf3 Nf6 5. e5 Nd7 6. Be2 f6 7. exf6 Qxf6 8. Nf1 Bd6 9. Ne3 0-0 10. 0-0 Bf4 11. c3 Ne7 12. Ng4 Qf5 13. h3 Ng6 14. Bd3 Qh5 15. Bxg6 Qxg6 16. Bxf4 Rxf4 17. Nge5 Nxe5 18. Nxe5 Qe8 19. Qd2 Rf6 20. Rfe1 Bd7 21. Re3 Qe7 22. Rae1 Raf8 23. Ng4 Rg6 24. Qe2 Re8 25. f4 Rf8 26. g3 c5 27. Ne5 Rh6 28. h4 cxd4 29. cxd4 Be8 30. Ng4 Rg6 31. h5 Bb5 32. Qf3 Rg5 33. a3 Bd7 34. Ne5 Bc8 35. Nd3 Qf7 36. Re5 Rf5 37. R1e3 Qc7 38. Qe2 b6 39. Nf2 Qc1+ 40. Kg2 Bd7 41. Rc3 Rxe5 42. Qxe5 Qxb2 43. Rc7 Qb5 44. Rxa7 Rc8 45. Qd6 Rc1 46. Ra8+ Be8 47. Qxe6+ Kf8 48. Qd6+ Kg8 49. Qe7 Qf1+ 50. Kf3 Rc3+ 51. Kg4 Qe2+ 52. Qxe2 1-0

[Event "TUR-chT"]
[Site "Kocaeli"]
[Date "2014.08.26"]
[Round "10.5"]
[White "Erden, Kadir"]
[Black "Akcan, Umit"]
[Result "1-0"]
[WhiteElo "2220"]
[BlackElo "2045"]
[PlyCount "65"]
[EventDate "2014.08.18"]
[EventType "team-tourn"]
[EventRounds "13"]
[EventCountry "TUR"]
[SourceTitle "CBM 162 Extra"]
[Source "ChessBase"]
[SourceDate "2014.10.17"]
[SourceVersion "1"]
[SourceVersionDate "2014.10.17"]
[SourceQuality "1"]
[WhiteTeam "Kahramanmaras Buyuksehir"]
[BlackTeam "TS Alyans"]
[WhiteTeamCountry "TUR"]
[BlackTeamCountry "TUR"]

1. Nf3 d5 2. g3 Nf6 3. Bg2 e6 4. 0-0 Be7 5. c4 0-0 6. d4 dxc4 7. Qc2 a6 8. Qxc4 b5 9. Qc2 Bb7 10. Bd2 Ra7 11. a3 Be4 12. Qc1 Nc6 13. e3 Qa8 14. Qd1 Nd5 15. Bc1 e5 16. Nbd2 Bd3 17. e4 Bxf1 18. Nxf1 Nb6 19. d5 Rd8 20. Be3 Bf6 21. Rc1 Ne7 22. Bc5 Nec8 23. Ne3 Nd6 24. Qd3 Re8 25. Ng4 Qd8 26. h4 h5 27. Nxf6+ Qxf6 28. Be3 Ndc4 29. Bg5 Qd6 30. b3 Nxa3 31. Rc6 Qf8 32. Be3 Rb7 33. Bc5 1-0

[Event "Kemer Turkey Cup"]
[Site "Kemer"]
[Date "2014.02.06"]
[Round "7"]
[White "Akcan, Umit"]
[Black "Aysoy, Veysi"]
[Result "1-0"]
[WhiteElo "2071"]
[BlackElo "1875"]
[PlyCount "65"]
[EventDate "2014.02.01"]
[EventType "swiss"]
[EventRounds "9"]
[EventCountry "TUR"]
[SourceTitle "CBM 158 Extra"]
[Source "ChessBase"]
[SourceDate "2014.02.28"]
[SourceVersion "1"]
[SourceVersionDate "2014.02.28"]
[SourceQuality "1"]

1. e4 c5 2. Nf3 Nc6 3. Nc3 g6 4. d4 cxd4 5. Nxd4 Bg7 6. Be3 Nf6 7. Bc4 0-0 8. Bb3 Ng4 9. Qxg4 Nxd4 10. Qd1 Nxb3 11. axb3 b6 12. 0-0 Bb7 13. Bd4 Bxd4 14. Qxd4 d6 15. Nd5 Bxd5 16. exd5 Qc7 17. c4 a5 18. Rfe1 f6 19. h4 Rac8 20. Re4 Rf7 21. Rae1 Re8 22. Re6 Kg7 23. g4 Kg8 24. Qe3 Kg7 25. g5 fxg5 26. Qxg5 Rf6 27. h5 h6 28. Qg4 Qd7 29. Qe4 gxh5 30. Qh4 Rg6+ 31. Rxg6+ Kxg6 32. Re6+ Kf7 33. Qxh5+ 1-0

[Event "Kemer Turkey Cup"]
[Site "Kemer"]
[Date "2014.02.02"]
[Round "3"]
[White "Akcan, Umit"]
[Black "Alaz, Ahmet Efekan"]
[Result "1-0"]
[WhiteElo "2071"]
[BlackElo "1806"]
[PlyCount "147"]
[EventDate "2014.02.01"]
[EventType "swiss"]
[EventRounds "9"]
[EventCountry "TUR"]
[SourceTitle "CBM 158 Extra"]
[Source "ChessBase"]
[SourceDate "2014.02.28"]
[SourceVersion "1"]
[SourceVersionDate "2014.02.28"]
[SourceQuality "1"]

1. d4 d5 2. c4 c6 3. Nc3 Nf6 4. Nf3 a6 5. c5 b6 6. cxb6 Qxb6 7. g3 e6 8. Bg2 Bd6 9. 0-0 Nbd7 10. b3 0-0 11. Bb2 c5 12. e4 dxe4 13. Ng5 Bb7 14. Ncxe4 Nxe4 15. Nxe4 Bxe4 16. Bxe4 Rad8 17. Qg4 Nf6 18. dxc5 Nxg4 19. cxb6 Bc5 20. Bc3 Bxb6 21. Bb4 Rd4 22. Bxf8 Rxe4 23. Bd6 Re2 24. Rac1 h6 25. Bc5 Bxc5 26. Rxc5 Rxa2 27. Rc4 Ne5 28. Rc3 Ng4 29. h3 Nf6 30. Rfc1 Nd5 31. Rf3 Nf6 32. Rc4 Rd2 33. Ra4 Rd6 34. Rc3 Rb6 35. Kf1 Nd5 36. Rc8+ Kh7 37. Ra3 Kg6 38. Ke1 Rd6 39. Ra8 Nb4 40. Ke2 Kf6 41. Ra4 Rb6 42. Kd2 Nd5 43. Kc2 Nb4+ 44. Kc3 Nd5+ 45. Kb2 Nb4 46. Rd8 Ke7 47. Rd2 Nd5 48. Rc4 Kd7 49. h4 g6 50. h5 Ke7 51. hxg6 fxg6 52. Rc8 h5 53. Ka3 Rb5 54. Rg8 Kf7 55. Ra8 Rb6 56. Rd3 Rc6 57. Rf3+ Kg7 58. Ra7+ Kh6 59. Ka4 e5 60. Ka5 e4 61. Rf8 Rc3 62. Rb7 Rc6 63. Ra8 Nc7 64. Rc8 Rc5+ 65. Kb6 Rc3 66. Rbxc7 Rxb3+ 67. Kxa6 Rf3 68. Rc2 e3 69. fxe3 Rxg3 70. Re2 h4 71. e4 h3 72. e5 Ra3+ 73. Kb5 Kg5 74. e6 1-0

[Event "TUR-chT"]
[Site "Konya"]
[Date "2012.07.13"]
[Round "3"]
[White "Yurtseven, Melih"]
[Black "Akcan, Umit"]
[Result "0-1"]
[WhiteElo "2148"]
[BlackElo "2127"]
[PlyCount "51"]
[EventDate "2012.07.11"]
[EventType "team-tourn"]
[EventRounds "13"]
[EventCountry "TUR"]
[SourceTitle "CBM 149 Extra"]
[Source "ChessBase"]
[SourceDate "2012.08.24"]
[SourceVersion "1"]
[SourceVersionDate "2012.08.24"]
[SourceQuality "1"]
[WhiteTeam "Istanbul Pera"]
[BlackTeam "Manisa TS Alyans"]
[WhiteTeamCountry "TUR"]
[BlackTeamCountry "TUR"]

1. e4 c5 2. Nf3 Nc6 3. d4 cxd4 4. Nxd4 g6 5. Nc3 Bg7 6. Be3 Nf6 7. Bc4 Qa5 8. f3 Qb4 9. Bb3 Nxe4 10. Nxc6 Bxc3+ 11. bxc3 Qxc3+ 12. Ke2 dxc6 13. Qg1 Nf6 14. Bd4 Qa5 15. Qe3 0-0 16. Qxe7 Nd5 17. Bxd5 Qxd5 18. Qf6 Qe6+ 19. Kd2 Qxf6 20. Bxf6 Be6 21. h4 h6 22. h5 g5 23. f4 gxf4 24. Rh4 Kh7 25. Rxf4 Rg8 26. Rg1 0-1

[Event "Izmir op 10th"]
[Site "Izmir"]
[Date "2011.09.02"]
[Round "3"]
[White "Akcan, Umit"]
[Black "Uysal, Burak"]
[Result "0-1"]
[WhiteElo "2151"]
[BlackElo "1822"]
[PlyCount "60"]
[EventDate "2011.09.01"]
[EventType "swiss"]
[EventRounds "9"]
[EventCountry "TUR"]
[SourceTitle "CBM 144 Extra"]
[Source "ChessBase"]
[SourceDate "2011.10.28"]
[SourceVersion "1"]
[SourceVersionDate "2011.10.28"]
[SourceQuality "1"]

1. e4 c5 2. Nf3 d6 3. c3 Nf6 4. Be2 Nbd7 5. Qc2 Qc7 6. 0-0 g6 7. d4 cxd4 8. Nxd4 Bg7 9. Be3 0-0 10. f4 e5 11. fxe5 dxe5 12. Nb3 b6 13. c4 Ba6 14. Nc3 Rac8 15. Rac1 Bxc4 16. Nb5 Bxb5 17. Qxc7 Rxc7 18. Rxc7 Bxe2 19. Re1 Bg4 20. Nd2 Be6 21. a3 Ng4 22. Bg5 f6 23. Bh4 Bh6 24. Re2 Nc5 25. Rxa7 Rd8 26. b4 Bxd2 27. bxc5 Bc4 28. c6 Bxe2 29. Rd7 Be3+ 30. Kh1 Rc8 0-1

[Event "EU-Cup 23rd"]
[Site "Kemer"]
[Date "2007.10.05"]
[Round "3.5"]
[White "Keogh, Eamon"]
[Black "Akcan, Umit"]
[Result "0-1"]
[WhiteElo "2095"]
[BlackElo "2148"]
[PlyCount "54"]
[EventDate "2007.10.03"]
[EventType "team-swiss"]
[EventRounds "7"]
[EventCountry "TUR"]
[SourceTitle "CBM 121"]
[Source "ChessBase"]
[SourceDate "2007.11.14"]
[SourceVersion "1"]
[SourceVersionDate "2007.11.14"]
[SourceQuality "1"]
[WhiteTeam "Kilkenny"]
[BlackTeam "Doruk Koleji"]
[WhiteTeamCountry "IRL"]
[BlackTeamCountry "TUR"]

1. f4 d5 2. b3 Nf6 3. Bb2 c5 4. Nf3 Nc6 5. e3 a6 6. Be2 e6 7. 0-0 Bd6 8. Ne5 Qc7 9. d4 cxd4 10. exd4 Ne4 11. Nd2 f6 12. Nd3 0-0 13. c4 Nxd2 14. Qxd2 dxc4 15. bxc4 Rd8 16. Rac1 Bf8 17. Ne1 Nxd4 18. Bxd4 Rxd4 19. Bd3 Bc5 20. Kh1 b6 21. Qe2 Rxf4 22. Bxh7+ Kxh7 23. Qh5+ Kg8 24. Nd3 Rxf1+ 25. Rxf1 Bb7 26. Nf4 Qc6 27. Rf3 Qe8 0-1

[Event "Izmir op"]
[Site "Izmir"]
[Date "2007.09.13"]
[Round "5"]
[White "Akcan, Umit"]
[Black "Shanava, Konstantine"]
[Result "0-1"]
[WhiteElo "2137"]
[BlackElo "2522"]
[PlyCount "60"]
[EventDate "2007.09.09"]
[EventType "swiss"]
[EventRounds "9"]
[EventCountry "TUR"]
[SourceTitle "CBM 120 Extra"]
[Source "ChessBase"]
[SourceDate "2007.11.01"]
[SourceVersion "1"]
[SourceVersionDate "2007.11.01"]
[SourceQuality "1"]

1. e4 c5 2. Nf3 a6 3. c4 e6 4. Nc3 Nc6 5. d4 cxd4 6. Nxd4 Bb4 7. Nxc6 bxc6 8. Qc2 e5 9. g3 Nf6 10. Bg2 0-0 11. 0-0 d6 12. a3 Bc5 13. Nd1 a5 14. Be3 Nd7 15. Bh3 Bxe3 16. Nxe3 Nc5 17. Bxc8 Qxc8 18. Nf5 Qc7 19. b4 Ne6 20. Qd3 Rad8 21. Rfd1 g6 22. Nxd6 c5 23. bxc5 Nxc5 24. Nb5 Qc6 25. Qe3 Nxe4 26. Re1 Nd2 27. Red1 Nf3+ 28. Kf1 Nxh2+ 29. Ke1 Qxc4 30. Qe2 Qc6 0-1

[Event "Izmir op 5th"]
[Site "Izmir"]
[Date "2006.08.17"]
[Round "8"]
[White "Hamad, Ahmad"]
[Black "Akcan, Umit"]
[Result "1-0"]
[WhiteElo "2277"]
[BlackElo "2132"]
[PlyCount "93"]
[EventDate "2006.09.10"]
[EventType "swiss"]
[EventRounds "10"]
[EventCountry "TUR"]
[SourceTitle "EXT 2007"]
[Source "ChessBase"]
[SourceDate "2006.11.23"]
[SourceVersion "1"]
[SourceVersionDate "2006.11.23"]
[SourceQuality "1"]

1. d4 Nf6 2. Nc3 d5 3. Bg5 Nbd7 4. f3 c6 5. Qd2 h6 6. Bh4 g5 7. Bg3 Nh5 8. Bf2 e5 9. dxe5 Nxe5 10. e4 dxe4 11. Qxd8+ Kxd8 12. 0-0-0+ Kc7 13. Nxe4 f5 14. Nc5 b6 15. Nd3 Bd6 16. Nxe5 Bxe5 17. g3 Bd7 18. Ne2 Rad8 19. Nd4 Bc8 20. Bc4 Ng7 21. Rhe1 Rhe8 22. c3 a6 23. b4 Bd6 24. Nb3 b5 25. Rxe8 Rxe8 26. Bd3 Be6 27. Re1 Bxb3 28. Rxe8 Nxe8 29. axb3 Be5 30. Kc2 f4 31. g4 Nf6 32. c4 Ne8 33. Bg6 Nf6 34. Bc5 Nd7 35. Be7 Bd6 36. Bxd6+ Kxd6 37. c5+ Ke7 38. Be4 Ne5 39. Kc3 Ke6 40. Kd4 Kf6 41. h3 Ke6 42. Bf5+ Kf6 43. Ke4 Nf7 44. Bc8 Ne5 45. Bxa6 Ng6 46. Bc8 Ne7 47. Bd7 1-0

[Event "Izmir-ch"]
[Site "Izmir"]
[Date "2003.03.06"]
[Round "8"]
[White "Yildiz Kadioglu, Betul Cemre"]
[Black "Akcan, Umit"]
[Result "0-1"]
[WhiteElo "2107"]
[BlackElo "2167"]
[PlyCount "52"]
[EventDate "2003.03.??"]
[EventType "swiss"]
[EventRounds "9"]
[EventCountry "TUR"]
[SourceTitle "CBM 093 Extra"]
[Source "ChessBase"]
[SourceDate "2003.05.09"]
[SourceVersion "1"]
[SourceVersionDate "2003.05.09"]
[SourceQuality "1"]

1. d4 Nf6 2. Nf3 g6 3. Nbd2 d5 4. e3 Bg7 5. Bd3 0-0 6. 0-0 Nbd7 7. c3 e5 8. Nxe5 Nxe5 9. dxe5 Ng4 10. Nf3 Nxe5 11. Nxe5 Bxe5 12. Re1 Re8 13. Qf3 c6 14. Bd2 Be6 15. Rad1 Qh4 16. g3 Qa4 17. Ra1 Rad8 18. Qg2 c5 19. f4 d4 20. cxd4 Bxd4 21. Qf1 Bxb2 22. Rab1 Qa3 23. Bb5 Rf8 24. Bc1 Bxc1 25. Rbxc1 Rd2 26. e4 Qb2 0-1

[Event "Izmir-ch"]
[Site "Izmir"]
[Date "2003.03.02"]
[Round "4"]
[White "Akcan, Umit"]
[Black "Apaydin, Fethi"]
[Result "1-0"]
[WhiteElo "2167"]
[BlackElo "2054"]
[PlyCount "47"]
[EventDate "2003.03.??"]
[EventType "swiss"]
[EventRounds "9"]
[EventCountry "TUR"]
[SourceTitle "CBM 093 Extra"]
[Source "ChessBase"]
[SourceDate "2003.05.09"]
[SourceVersion "1"]
[SourceVersionDate "2003.05.09"]
[SourceQuality "1"]

1. e4 d5 2. exd5 Nf6 3. Nf3 Nxd5 4. d4 Bg4 5. h3 Bh5 6. g4 Bg6 7. Ne5 Nd7 8. Nxg6 hxg6 9. Bg2 c6 10. c4 N5b6 11. Qb3 Qc7 12. Nc3 e6 13. Bg5 f6 14. Be3 0-0-0 15. 0-0-0 Be7 16. Kb1 Rhe8 17. Rhe1 Kb8 18. Rc1 c5 19. Nb5 Qh2 20. Bf3 Ka8 21. Qa3 Qb8 22. dxc5 Rc8 23. b4 Nxc5 24. Bxc5 1-0